000 00359nam a22001217a 4500
999 _c2701
_d2701
008 200313b ||||| |||| 00| 0 eng d
100 _92313
_aGraham, Paul
245 1 0 _aIntroduction to political theory
_cby Paul Graham and John Hoffman.
260 _aNew Delhi:
_bPearson Education,
_c2007.
300 _axxiii,560p.
650 0 _aPolitical Science
942 _cBK